Регионална библиотека "Любен Каравелов" - Русе

Възпоменателно събрание за Руско Попхристов (Запис номер 508990)

MARC детайли
000 -Лидер
Лидер 01006naa a2200253 a 4500
003 - Код на организацията, давaща контролен номер
Код на организацията, даваща контролен номер BLK
005 - Дата и час на последна редакция
Дата и час на последна редакция 20240416132747.0
007 - Фиксирано поле за физическо описани
Физическо описание ta
008 - Елементи от данни с фиксирана дължина
Елементи с фиксирана дължина 221104b bu |||||r|||| 00| | bu d
040 ## - Източник на каталожния запис
Код на библиотеката BLK
041 ## - Код за език
Език Български
Език за КДБФ Български
080 ## - УДК
УДК текст Комунистически партии. Вж и 327.323
УДК код 329.15
УДК – код + определител 329.15(497.215)БКП(092)
080 ## - УДК
УДК текст Биографии - България
УДК код 929(497.2)
УДК – код + определител 929(497.2)
245 ## - Сведения за заглавието
Заглавие Възпоменателно събрание за Руско Попхристов
Авторска отговорност С. Пенев
300 ## - Физическа характеристика
Брой страници № 21, 25 ян. 1962
520 ## - Забележка за наличие на резюме, анотация и т.н
Анотация, рецензия За комуниста, кмет на Русенската комуна
600 #0 - Име на лице, използвано като предмет
9 (RLIN) 492148
За него / За нея Попхристов, Руско Гавраилов
653 ## - Ключова дума – ненормативна
9 (RLIN) 195878
Ключови думи русенци
653 ## - Ключова дума – ненормативна
9 (RLIN) 188984
Ключови думи комунисти
653 ## - Ключова дума – ненормативна
9 (RLIN) 188727
Ключови думи кметове
773 ## - Описание на основна библиографска единица при аналитични записи (многотомни)
Заглавие на източника ДУНАВСКА ПРАВДА
Контролен номер на записа 291955
Информация за връзката . //
Международен стандартен номер на серията ISSN C613-1425
942 ## - АРТИКУЛИ
Вид на библиотечния документ Статия
Скрит в OPAC Не
944 ## - СЪЗДАВАНЕ И РЕДАКЦИЯ на ЗАПИСА
Дата на регистрацията/редакция Кети Илиева
Служител, извършил регистрацията/редакцията 30550
Номер на служител Кети Илиева
Създаване/Редакция
999 ## - СИСТЕМНИ КОНТРОЛНИ НОМЕРА
Koha biblionumber 508990
Koha biblioitemnumber 508990

Няма налични копия.

Vip Innovations Ltd, Rousse, Bulgaria 2025